Celine Dion - All by myself [lyrics] - Statistics

General Stats
  • This quiz has been taken 42 times
  • The average score is 39 of 51
Answer Stats
Hint Answer % Correct
11 all
100%
4 be
100%
13 by
100%
8 I
100%
13 myself
100%
7 wanna
100%
3 when
100%
7 don't
97%
5 never
94%
2 for
91%
2 just
91%
6 anymore
88%
2 love
88%
4 was
88%
2 young
88%
3 anyone
85%
3 the
85%
4 and
82%
2 days
82%
4 live
82%
3 needed
82%
2 are
79%
2 fun
79%
2 those
79%
2 gone
76%
2 so
76%
1 think
76%
1 alone
74%
1 but
71%
1 home
71%
1 I've
71%
1 known
71%
2 making
71%
1 nobody's
71%
1 of
71%
1 to
71%
1 feel
68%
1 friends
68%
1 telephone
68%
1 dial
65%
6 oh
65%
1 livin'
62%
1 insecure
59%
1 sometimes
56%
1 cure
53%
1 hard
50%
1 love's
50%
1 sure
50%
1 distant
47%
1 obscure
47%
1 remains
47%
No matching quizzes found
Score Distribution
Percent of People with Each Score
Percentile by Number Answered
Your Score History
You have not taken this quiz